000 00718nam a2200289Ia 4500
005 20260324122253.0
008 008 260324s9999 xx 000 0 eng d
020 _a9780203077221
037 _aEBOOK
040 _aCRL
040 _beng
040 _cCRL
041 _2eng
041 _aeng
084 _qCRL
100 _aJoyeeta Gupta; Nicolien van der Grijp; Onno Kuik
_91165801
245 0 _aClimate Change, Forests and REDD
245 0 _bLessons for Institutional Design
260 _bTaylor and Francis
260 _c2013
365 _a
365 _b240
856 _uhttp://www.taylorfrancis.com/books/9780203077221
942 _cEBOOK
999 _c1758397
_d1758397